[Event "Bouhjar BICA Blitz op 03"]
[Site "Bouhjar"]
[Date "2021.03.28"]
[Round "3"]
[White "Barrani, Adem"]
[Black "Zenaidi, Kais"]
[Result "0-1"]
[WhiteElo "1402"]
[BlackElo "1927"]
[PlyCount "51"]
[EventDate "2021.03.28"]
[EventType "swiss (blitz)"]
[EventRounds "9"]
[EventCountry "TUN"]
[SourceTitle "CBM 202 Extra"]
[Source "ChessBase"]
[SourceDate "2021.07.31"]
[SourceVersion "1"]
[SourceVersionDate "2021.07.31"]
[SourceQuality "1"]

1. d4 Nf6 2. Nc3 g6 3. e4 d6 4. Nf3 Bg7 5. Bd3 0-0 6. Be3 Bg4 7. Qd2 Nc6 8. h3 Bxf3 9. gxf3 Nd7 10. h4 Nxd4 11. Bxd4 Bxd4 12. h5 Bg7 13. hxg6 hxg6 14. 0-0-0 Ne5 15. f4 Nxd3+ 16. Qxd3 e6 17. f5 exf5 18. exf5 Qg5+ 19. Kb1 Qxf5 20. Qd2 Qf6 21. f4 b5 22. f5 b4 23. Na4 a5 24. fxg6 fxg6 25. Qd5+ Qf7 26. Qg2 0-1

[Event "Bouhjar BICA Blitz op 03"]
[Site "Bouhjar"]
[Date "2021.03.28"]
[Round "8"]
[White "Ben Brahem, Aymen"]
[Black "Zenaidi, Kais"]
[Result "1-0"]
[WhiteElo "1812"]
[BlackElo "1927"]
[PlyCount "43"]
[EventDate "2021.03.28"]
[EventType "swiss (blitz)"]
[EventRounds "9"]
[EventCountry "TUN"]
[SourceTitle "CBM 202 Extra"]
[Source "ChessBase"]
[SourceDate "2021.07.31"]
[SourceVersion "1"]
[SourceVersionDate "2021.07.31"]
[SourceQuality "1"]

1. d4 Nf6 2. Bf4 d6 3. Nc3 g6 4. e4 Bg7 5. Qd2 h6 6. 0-0-0 g5 7. Bg3 Nh5 8. Bc4 Nc6 9. Nge2 Nxg3 10. hxg3 e5 11. dxe5 Nxe5 12. Bb3 Be6 13. f4 Ng4 14. Nd4 Qe7 15. f5 Bxb3 16. axb3 c6 17. Qe2 Ne5 18. Nf3 0-0-0 19. Kb1 Bf6 20. Nd4 Kb8 21. Rhe1 Qc7 22. Nf3 1-0

[Event "TUN-ch Subsid"]
[Site "Hammamet"]
[Date "2019.11.01"]
[Round "9"]
[White "Zenaidi, Kais"]
[Black "Mejri, Moncef"]
[Result "1-0"]
[WhiteElo "1895"]
[BlackElo "1449"]
[PlyCount "70"]
[EventDate "2019.10.27"]
[EventType "swiss"]
[EventRounds "9"]
[EventCountry "TUN"]
[SourceTitle "EXT 2021"]
[Source "ChessBase"]
[SourceDate "2020.10.23"]
[SourceVersion "1"]
[SourceVersionDate "2020.10.23"]
[SourceQuality "1"]

1. e4 c5 2. Nf3 Nc6 3. d4 cxd4 4. Nxd4 e6 5. Nc3 a6 6. g3 Nge7 7. Be3 b5 8. Bg2 Ng6 9. f4 Qc7 10. 0-0 Bb7 11. h4 Bc5 12. Kh1 0-0 13. Ndxb5 axb5 14. Bxc5 Rfd8 15. Nxb5 Qa5 16. c4 Rac8 17. a3 Qa8 18. b4 Na5 19. Nd6 Rxc5 20. Nxb7 Qxb7 21. bxc5 Qa7 22. Qa4 Qxc5 23. Qb5 Qc7 24. Rab1 Ne7 25. c5 Nc8 26. Rfc1 Nc6 27. Qa6 N8a7 28. Rb7 Qc8 29. Rxa7 Nxa7 30. Qxa7 d6 31. c6 d5 32. Qb7 d4 33. c7 Re8 34. Qxc8 Rxc8 35. Bf1 Ra8 1-0

[Event "TUN-chT"]
[Site "Hammamet"]
[Date "2019.03.10"]
[Round "5.4"]
[White "Ferchichi, Sofiane"]
[Black "Zenaidi, Kais"]
[Result "1/2-1/2"]
[WhiteElo "2051"]
[BlackElo "1909"]
[PlyCount "44"]
[EventDate "2019.02.09"]
[EventType "team-tourn"]
[EventRounds "11"]
[EventCountry "TUN"]
[SourceTitle "CBM 190 Extra"]
[Source "ChessBase"]
[SourceDate "2019.07.15"]
[SourceVersion "1"]
[SourceVersionDate "2019.07.15"]
[SourceQuality "1"]
[WhiteTeam "Megrine Maison"]
[BlackTeam "Kef"]
[WhiteTeamCountry "TUN"]
[BlackTeamCountry "TUN"]

1. d4 Nf6 2. c4 g6 3. Nc3 Bg7 4. e4 d6 5. f3 Nc6 6. Be3 0-0 7. Qd2 e5 8. Nge2 exd4 9. Nxd4 h5 10. Be2 Re8 11. 0-0 Ne5 12. Bg5 Bd7 13. Rfd1 Bc6 14. Nd5 Bxd5 15. cxd5 a6 16. Rac1 Qd7 17. h3 Nh7 18. Be3 Qd8 19. Rc2 Rc8 20. Rdc1 Re7 21. Qb4 Rb8 22. Qd2 Rc8 1/2-1/2

[Event "TUN-chT"]
[Site "Hammamet"]
[Date "2019.02.10"]
[Round "2.1"]
[White "Doghri, Nabil"]
[Black "Zenaidi, Kais"]
[Result "1-0"]
[WhiteElo "2338"]
[BlackElo "1909"]
[PlyCount "21"]
[EventDate "2019.02.09"]
[EventType "team-tourn"]
[EventRounds "11"]
[EventCountry "TUN"]
[SourceTitle "CBM 190 Extra"]
[Source "ChessBase"]
[SourceDate "2019.07.15"]
[SourceVersion "1"]
[SourceVersionDate "2019.07.15"]
[SourceQuality "1"]
[WhiteTeam "Ksour"]
[BlackTeam "Kef"]
[WhiteTeamCountry "TUN"]
[BlackTeamCountry "TUN"]

1. e4 c5 2. Nf3 Nc6 3. d4 cxd4 4. Nxd4 e5 5. Nb5 d6 6. N1c3 a6 7. Na3 b5 8. Nd5 Nce7 9. c4 Nxd5 10. exd5 bxc4 11. Nxc4 1-0

[Event "Tunis Ramadan Cup"]
[Site "Tunis"]
[Date "2018.06.11"]
[Round "6"]
[White "Zenaidi, Kais"]
[Black "Barhoumi, Med Anis"]
[Result "0-1"]
[WhiteElo "1932"]
[BlackElo "2005"]
[PlyCount "59"]
[EventDate "2018.06.10"]
[EventType "swiss"]
[EventRounds "9"]
[EventCountry "TUN"]
[SourceTitle "CBM 185 Extra"]
[Source "ChessBase"]
[SourceDate "2018.07.29"]
[SourceVersion "1"]
[SourceVersionDate "2018.07.29"]
[SourceQuality "1"]

1. e4 c5 2. Nf3 d6 3. d4 cxd4 4. Nxd4 Nf6 5. Nc3 a6 6. Bg5 e6 7. f4 Nc6 8. Nxc6 bxc6 9. e5 h6 10. Bh4 g5 11. exf6 gxh4 12. Qf3 d5 13. f5 Qxf6 14. 0-0-0 Qxf5 15. Qxf5 exf5 16. Bd3 Be6 17. Rhf1 Rg8 18. Rd2 Rg5 19. Re2 Kd7 20. Na4 Kc7 21. c3 Bd6 22. h3 f4 23. Kc2 c5 24. Ref2 Rag8 25. Bxa6 Rxg2 26. a3 Bxh3 27. b4 c4 28. Kb2 Bd7 29. b5 h3 30. Rg1 0-1

[Event "Tunis Ariana op"]
[Site "Tunis"]
[Date "2017.04.25"]
[Round "1"]
[White "Mejri, Moncef"]
[Black "Zenaidi, Kais"]
[Result "0-1"]
[WhiteElo "1418"]
[BlackElo "1873"]
[PlyCount "74"]
[EventDate "2017.04.25"]
[EventType "swiss"]
[EventRounds "9"]
[EventCountry "TUN"]
[SourceTitle "CBM 178 Extra"]
[Source "ChessBase"]
[SourceDate "2017.06.22"]
[SourceVersion "1"]
[SourceVersionDate "2017.06.22"]
[SourceQuality "1"]

1. d4 Nf6 2. Nf3 g6 3. c4 Bg7 4. h3 0-0 5. Bf4 d6 6. Nc3 a5 7. e4 Nbd7 8. Bd3 c5 9. e5 dxe5 10. dxe5 Nh5 11. Bh2 Bh8 12. Qd2 Nb6 13. 0-0-0 Be6 14. g4 Ng7 15. Qh6 f6 16. Bxg6 Qxd1+ 17. Rxd1 hxg6 18. exf6 exf6 19. Ne4 Kf7 20. Nh4 Ne8 21. Qxg6+ Ke7 22. Qh7+ Bg7 23. Ng6+ Kf7 24. Nxf8 Kxf8 25. Bd6+ Kf7 26. Bxc5 Nxc4 27. f4 b6 28. Bd4 Rc8 29. Kb1 b5 30. f5 Bd5 31. Qg6+ Kg8 32. Bxf6 Bxe4+ 33. Ka1 Nxf6 34. g5 Ne5 35. gxf6 Nxg6 36. fxg6 Bxf6 37. Re1 Rc2 0-1

[Event "TUN-chB"]
[Site "Hammamet "]
[Date "2015.06.16"]
[Round "7"]
[White "Jmila, Omar"]
[Black "Zenaidi, Kais"]
[Result "1/2-1/2"]
[WhiteElo "2043"]
[BlackElo "1896"]
[PlyCount "99"]
[EventDate "2015.06.13"]
[EventType "swiss"]
[EventRounds "9"]
[EventCountry "TUN"]
[SourceTitle "EXT 2018"]
[Source "ChessBase"]
[SourceDate "2017.10.13"]
[SourceVersion "1"]
[SourceVersionDate "2017.10.13"]
[SourceQuality "1"]

1. Nf3 Nf6 2. g3 g6 3. Bg2 Bg7 4. c4 d6 5. d4 0-0 6. 0-0 Nbd7 7. Nc3 e5 8. dxe5 dxe5 9. Qc2 c6 10. Rd1 Qc7 11. b3 Re8 12. Ba3 Bf8 13. Bb2 Nc5 14. Nd2 Ne6 15. Nde4 Nxe4 16. Nxe4 Be7 17. c5 Rd8 18. Rxd8+ Nxd8 19. Qc3 f6 20. Rd1 Be6 21. Qf3 Kg7 22. g4 Nf7 23. h4 Rd8 24. Rxd8 Qxd8 25. g5 f5 26. Nd6 Bxd6 27. cxd6 Qxd6 28. e4 Qd2 29. Bc3 Qd6 30. Bh3 Qd7 31. Qf4 Kg8 32. Bxe5 Nxe5 33. Qxe5 Qf7 34. h5 a6 35. h6 Qd7 36. Qb8+ Qc8 37. Qxc8+ Bxc8 38. b4 b6 39. f4 Kf7 40. Kf2 Be6 41. exf5 gxf5 42. a3 c5 43. bxc5 bxc5 44. Ke3 Kg6 45. Kd3 Kh5 46. Kc3 a5 47. Bf1 Bf7 48. Be2+ Kh4 49. Kd3 Kg3 50. Ke3 1/2-1/2

[Event "TUN-ch"]
[Site "Hammamet"]
[Date "2013.03.19"]
[Round "5"]
[White "Zenaidi, Kais"]
[Black "Mejri, Moncef"]
[Result "1-0"]
[WhiteElo "1876"]
[BlackElo "1725"]
[PlyCount "73"]
[EventDate "2013.03.16"]
[EventType "swiss"]
[EventRounds "9"]
[EventCountry "TUN"]
[SourceTitle "CBM 153 Extra"]
[Source "ChessBase"]
[SourceDate "2013.04.22"]
[SourceVersion "1"]
[SourceVersionDate "2013.04.22"]
[SourceQuality "1"]

1. e4 c5 2. Nf3 Nc6 3. c3 e5 4. Bc4 Be7 5. d4 cxd4 6. 0-0 Qc7 7. cxd4 Nxd4 8. Nxd4 Qxc4 9. Nf5 Qc6 10. Nxg7+ Kd8 11. Nc3 d6 12. Nd5 Nf6 13. Bg5 Nxd5 14. exd5 Qc7 15. Qh5 Bxg5 16. Qxg5+ Qe7 17. Qh6 Bd7 18. f4 f6 19. fxe5 Qxe5 20. Qxf6+ Qxf6 21. Rxf6 Ke7 22. Rf4 Raf8 23. Re1+ Kd8 24. Rfe4 Rf7 25. Ne6+ Kc8 26. Rd4 Kb8 27. Ng5 Rf5 28. Ne4 Rhf8 29. Nxd6 Rf2 30. Nc4 Bb5 31. Rd2 R2f4 32. b3 a5 33. g3 Rf3 34. Nxa5 Bf1 35. Nc4 Bh3 36. Rdd1 Kc7 37. Ne3 1-0

[Event "TUN-ch"]
[Site "Hammamet"]
[Date "2013.03.17"]
[Round "3"]
[White "Zenaidi, Kais"]
[Black "Hamzi, Sofiene"]
[Result "1/2-1/2"]
[WhiteElo "1876"]
[BlackElo "1774"]
[PlyCount "94"]
[EventDate "2013.03.16"]
[EventType "swiss"]
[EventRounds "9"]
[EventCountry "TUN"]
[SourceTitle "CBM 153 Extra"]
[Source "ChessBase"]
[SourceDate "2013.04.22"]
[SourceVersion "1"]
[SourceVersionDate "2013.04.22"]
[SourceQuality "1"]

1. e4 e6 2. c4 c5 3. Nf3 d5 4. exd5 exd5 5. cxd5 Qxd5 6. Nc3 Qd8 7. Bc4 Be7 8. Qb3 Nh6 9. d3 0-0 10. Bxh6 gxh6 11. Ne5 Qe8 12. 0-0 Nc6 13. Nxc6 bxc6 14. Rfe1 Bf5 15. Re5 Rb8 16. Qc2 Qd7 17. Ne4 Bxe4 18. Rxe4 Bf6 19. Rb1 Bd4 20. b3 Rfe8 21. Rbe1 Kh8 22. Qe2 Rxe4 23. Qxe4 a5 24. Qe7 Rd8 25. Qxf7 Qxf7 26. Bxf7 Rd6 27. Re6 Rd7 28. Be8 Ra7 29. Bxc6 Ra6 30. Bd5 Ra7 31. Kf1 a4 32. Re8+ Kg7 33. Ra8 Rxa8 34. Bxa8 a3 35. f4 Kf6 36. Ke2 Kf5 37. Kf3 Kf6 38. Be4 Bg1 39. h3 Kg7 40. g4 Bd4 41. Bd5 Kf6 42. Ke4 Bc3 43. Bg8 Kg7 44. Be6 Kf6 45. Bf5 Kg7 46. Kd5 Bd4 47. h4 Be3 1/2-1/2

[Event "TUN-ch"]
[Site "Hammamet"]
[Date "2013.03.16"]
[Round "1"]
[White "Zenaidi, Kais"]
[Black "Smida, Tahar"]
[Result "0-1"]
[WhiteElo "1876"]
[BlackElo "1770"]
[PlyCount "76"]
[EventDate "2013.03.16"]
[EventType "swiss"]
[EventRounds "9"]
[EventCountry "TUN"]
[SourceTitle "CBM 153 Extra"]
[Source "ChessBase"]
[SourceDate "2013.04.22"]
[SourceVersion "1"]
[SourceVersionDate "2013.04.22"]
[SourceQuality "1"]

1. e4 c6 2. d4 d5 3. f3 dxe4 4. fxe4 e5 5. Nf3 Bg4 6. Bc4 Bxf3 7. Qxf3 Nf6 8. dxe5 Qa5+ 9. Nc3 Qxe5 10. Bf4 Qh5 11. Qg3 Nbd7 12. e5 Ng8 13. Rf1 Nb6 14. Bb3 Ne7 15. e6 f6 16. Rd1 Nf5 17. Qf2 Bb4 18. Bc7 Ne7 19. Bxb6 axb6 20. Rd7 Ra5 21. Qxb6 Re5+ 22. Kd2 Qe2+ 23. Kc1 Qxf1+ 24. Nd1 Qf4+ 25. Kb1 0-0 26. Rd8 Ba5 27. Rxf8+ Kxf8 28. Qxb7 Qd2 29. c3 Re1 30. a4 Rxd1+ 31. Bxd1 Qxd1+ 32. Ka2 Qxa4+ 33. Kb1 Qe4+ 34. Ka2 Qa4+ 35. Kb1 Qd1+ 36. Ka2 Qd8 37. c4 Bc7 38. h4 Qc8 0-1

[Event "Francophone-ch 1st"]
[Site "Hammamet "]
[Date "2010.04.25"]
[Round "8"]
[White "Zenaidi, Kais"]
[Black "Kirszenberg, Marc"]
[Result "0-1"]
[WhiteElo "1937"]
[BlackElo "2185"]
[PlyCount "64"]
[EventDate "2010.04.25"]
[EventType "swiss"]
[EventRounds "9"]
[EventCountry "TUN"]
[SourceTitle "EXT 2011"]
[Source "ChessBase"]
[SourceDate "2010.11.26"]
[SourceVersion "1"]
[SourceVersionDate "2010.11.26"]
[SourceQuality "1"]

1. e4 d5 2. exd5 Nf6 3. d4 Nxd5 4. c4 Nb6 5. Nc3 e5 6. c5 exd4 7. cxb6 dxc3 8. Qxd8+ Kxd8 9. bxc7+ Kxc7 10. Bf4+ Bd6 11. Bxd6+ Kxd6 12. 0-0-0+ Kc7 13. bxc3 Be6 14. Kb2 Nd7 15. Nf3 Nb6 16. Nd4 Bd5 17. c4 Bc6 18. Nxc6 Kxc6 19. Be2 Rad8 20. Kb3 Rhe8 21. Rxd8 Rxd8 22. Bf3+ Kc5 23. Bxb7 Rb8 24. Ba6 Nd5+ 25. Ka4 Rb4+ 26. Ka3 Nc3 27. Bc8 g6 28. Bg4 Nb1+ 29. Rxb1 Rxb1 30. Be2 Re1 31. Bf3 Kxc4 32. Kb2 Kd4 0-1

[Event "Gausdal Classics Elo op"]
[Site "Gausdal"]
[Date "2007.04.22"]
[Round "5"]
[White "Spanton, Timothy"]
[Black "Zenaidi, Kais"]
[Result "1-0"]
[WhiteElo "1995"]
[BlackElo "1773"]
[PlyCount "107"]
[EventDate "2007.04.18"]
[EventType "swiss"]
[EventRounds "9"]
[EventCountry "NOR"]
[SourceTitle "EXT 2008"]
[Source "ChessBase"]
[SourceDate "2007.11.25"]
[SourceVersion "1"]
[SourceVersionDate "2007.11.25"]
[SourceQuality "1"]

1. e4 c5 2. Nf3 Nc6 3. Bb5 e6 4. Bxc6 bxc6 5. d3 d6 6. Nc3 e5 7. h3 Nf6 8. 0-0 Be7 9. Qe2 0-0 10. Nh2 Rb8 11. b3 Nd7 12. g4 Bg5 13. Nd1 g6 14. f4 exf4 15. Bxf4 Bxf4 16. Rxf4 Qg5 17. Qf2 Ne5 18. Ne3 Be6 19. Rf1 Kh8 20. h4 Qe7 21. g5 Kg7 22. Rf6 Bh3 23. h5 Bxf1 24. Nhxf1 Nd7 25. Ng4 gxh5 26. Ng3 Kh8 27. Nf5 Qd8 28. Qh4 Rg8 29. Ngh6 Rxg5+ 30. Qxg5 Qxf6 31. Qxf6+ Nxf6 32. Nxf7+ Kg8 33. N7xd6 h6 34. Nxh6+ Kh7 35. Nhf5 Ne8 36. Nf7 Rb7 37. Ng5+ Kg6 38. Ne6 c4 39. dxc4 Rd7 40. Nf8+ Kg5 41. Nxd7 h4 42. Kg2 Nc7 43. Ne5 Kf4 44. Nxc6 Kxe4 45. Nxh4 a6 46. Kf2 Ne6 47. Nf3 Nc5 48. Nd2+ Kf4 49. Ke2 Kf5 50. Ke3 Ke6 51. Kd4 Kd6 52. Ne4+ Nxe4 53. Kxe4 Kxc6 54. b4 1-0

[Event "Gausdal Classics Elo op"]
[Site "Gausdal"]
[Date "2007.04.18"]
[Round "1"]
[White "Zenaidi, Kais"]
[Black "Fant, Goran"]
[Result "1-0"]
[WhiteElo "1773"]
[BlackElo "1955"]
[PlyCount "83"]
[EventDate "2007.04.18"]
[EventType "swiss"]
[EventRounds "9"]
[EventCountry "NOR"]
[SourceTitle "EXT 2008"]
[Source "ChessBase"]
[SourceDate "2007.11.25"]
[SourceVersion "1"]
[SourceVersionDate "2007.11.25"]
[SourceQuality "1"]

1. e4 e6 2. d4 d5 3. e5 c5 4. c3 Nc6 5. Nf3 Nge7 6. Bd3 Qb6 7. dxc5 Qc7 8. Qe2 Ng6 9. Bxg6 hxg6 10. b4 b6 11. cxb6 axb6 12. 0-0 Rh5 13. g4 Rh8 14. Na3 Bd7 15. Nb5 Qb8 16. Bg5 Rh3 17. Bf4 Rxf3 18. Qxf3 Nxe5 19. Qe2 Bxb5 20. Qxb5+ Kd8 21. Bxe5 Qxe5 22. Qxb6+ Qc7 23. Qxc7+ Kxc7 24. a4 Kb6 25. f4 Bd6 26. Kg2 Rh8 27. h3 f6 28. Rad1 Rc8 29. Rf3 Rc4 30. Rd4 Rc8 31. Re3 Re8 32. Rxd5 Kc6 33. Rd4 e5 34. fxe5 fxe5 35. Rd2 g5 36. Rf2 e4 37. Rfe2 Kd5 38. Rd2+ Ke5 39. Rd4 Kf4 40. Kf2 Bb8 41. Rf3+ Ke5 42. Rf5+ 1-0

[Event "Mediterranean-ch 5th"]
[Site "Sousse"]
[Date "2007.??.??"]
[Round "7"]
[White "Elfelo, Khadija"]
[Black "Zenaidi, Kais"]
[Result "0-1"]
[WhiteElo "1885"]
[BlackElo "1977"]
[PlyCount "126"]
[EventDate "2007.11.27"]
[EventType "swiss"]
[EventRounds "9"]
[EventCountry "TUN"]
[SourceTitle "CBM 121 Extra"]
[Source "ChessBase"]
[SourceDate "2008.01.10"]
[SourceVersion "1"]
[SourceVersionDate "2008.01.10"]
[SourceQuality "1"]

1. e4 c5 2. Nf3 Nc6 3. d4 cxd4 4. Nxd4 e5 5. Nf3 Nf6 6. Bg5 Qa5+ 7. Bd2 Qb6 8. Bd3 Qxb2 9. Bc3 Bb4 10. Bxb4 Nxb4 11. Nbd2 Nxd3+ 12. cxd3 Qc3 13. 0-0 0-0 14. Nc4 d5 15. Rc1 Qb4 16. exd5 Nxd5 17. Ncxe5 Re8 18. Rc4 Qb2 19. Rc2 Qb6 20. Nc4 Qf6 21. Qb1 Nf4 22. Qd1 Bg4 23. Rd2 Rad8 24. Ne3 Bd7 25. d4 Bb5 26. Re1 Rd7 27. Ng4 Qd8 28. Rxe8+ Qxe8 29. Nge5 Re7 30. Rb2 Bc6 31. h3 Bd5 32. Qd2 Ne6 33. Qa5 Bxf3 34. Nxf3 b6 35. Qf5 g6 36. Qf6 Nc7 37. Ne5 Re6 38. Ng4 h5 39. Nh6+ Kf8 40. Qg5 Qd7 41. Rb3 Qxd4 42. Rf3 Qd1+ 43. Kh2 Qd6+ 44. g3 Re7 45. Rf6 Qd3 46. Qf4 Kg7 47. Rxf7+ Rxf7 48. Qxf7+ Kxh6 49. Qxc7 Qf3 50. Kg1 Qd1+ 51. Kh2 Qd2 52. Qf4+ Qxf4 53. gxf4 b5 54. Kg3 b4 55. Kf3 a5 56. Ke2 a4 57. Kd3 Kg7 58. Kc4 b3 59. Kc3 bxa2 60. Kb2 Kf6 61. Kxa2 Kf5 62. Ka3 Kxf4 63. Kxa4 Kf3 0-1

[Event "Mediterranean-ch 5th"]
[Site "Sousse"]
[Date "2007.??.??"]
[Round "5"]
[White "Jose Queralto, Daniel"]
[Black "Zenaidi, Kais"]
[Result "1/2-1/2"]
[WhiteElo "2162"]
[BlackElo "1977"]
[PlyCount "129"]
[EventDate "2007.11.27"]
[EventType "swiss"]
[EventRounds "9"]
[EventCountry "TUN"]
[SourceTitle "CBM 121 Extra"]
[Source "ChessBase"]
[SourceDate "2008.01.10"]
[SourceVersion "1"]
[SourceVersionDate "2008.01.10"]
[SourceQuality "1"]

1. e4 c5 2. Nf3 Nc6 3. d4 cxd4 4. Nxd4 e5 5. Nb5 d6 6. c4 Be7 7. N1c3 a6 8. Na3 Be6 9. Nc2 Bg5 10. Be2 Bxc1 11. Rxc1 Nf6 12. 0-0 0-0 13. Qd2 Qc7 14. Rfd1 Rad8 15. Ne3 Nd4 16. Bd3 Nh5 17. Ned5 Qd7 18. Qg5 Bg4 19. Rf1 h6 20. Qd2 Be6 21. Be2 Bxd5 22. Nxd5 Nxe2+ 23. Qxe2 Nf4 24. Nxf4 exf4 25. Rfd1 f5 26. exf5 Rxf5 27. Rc3 Re5 28. Qf3 Qe7 29. h3 g5 30. Kh2 Rd7 31. Rcd3 Qe6 32. b3 Kg7 33. Rd5 Rxd5 34. Qxd5 Kf6 35. Qd2 Kg6 36. Re1 Qf7 37. Re4 Kg7 38. Rd4 Qe6 39. Rd5 Kf7 40. Qd4 Qf6 41. Qd3 Ke7 42. Rd4 Kd8 43. Rd5 Qe6 44. c5 dxc5 45. Rxd7+ Qxd7 46. Qg6 Qc6 47. Qg8+ Kc7 48. Qf7+ Kb6 49. h4 Ka7 50. hxg5 hxg5 51. Qf5 Qh6+ 52. Kg1 Kb6 53. g3 fxg3 54. fxg3 Qg7 55. Qe6+ Ka7 56. a4 Qc7 57. Kh2 b5 58. axb5 axb5 59. Qe3 Ka6 60. Qxg5 c4 61. bxc4 bxc4 62. Qf6+ Kb5 63. Qb2+ Kc6 64. Qg2+ Kd6 65. Qd2+ 1/2-1/2